Trouvez le département de naissance de ces personnalités #7 - Statistiques

Statistiques générales
  • Ce quiz a été pris 13 fois
  • Le résultat moyen est 6 sur 15
Statistiques - réponses
Personnalités Département % Correct
Lilian Thuram, Christine Kelly Guadeloupe
83%
Jean Pierre Chevènement, Jean-Frédéric Poisson Territoire de Belfort
58%
Roselyne Bachelot, Adam Billaut Nièvre
50%
Philippe Chatrier, Sheila Val-de-Marne
50%
Marc Lavoine, Anthony Martial Essonne
42%
Jean-Marc Ayrault, Coco Chanel Maine-et-Loire
42%
Albert Lebrun, Pierre Croce Meurthe-et-Moselle
42%
Raymond Poincaré, Nicolas-Charles Oudinot Meuse
42%
Julien Rochedy, frères Montgolfier Ardèche
33%
Perrine Laffont, Éric Carrière Ariège
33%
Denis Diderot, Louis Michel Haute-Marne
33%
Ambroise Paré, Valérie Hayer Mayenne
33%
Nicéphore Niépce, Patrice de Mac Mahon Saône-et-Loire
33%
Chimène Badi, Jean-Luc Reichmann Seine-et-Marne
33%
Louis Nicolas Davout, Colette Yonne
33%
Aucun quiz correspondant
Distribution des résultats
% des personnes avec chaque résultat
Percentile par nombre de réponses
Votre historique - résultats
Vous n’avez pas pris ce quiz